| 000 | 00461nam a2200181Ia 4500 | ||
|---|---|---|---|
| 001 | 13331 | ||
| 005 | 20260306164753.0 | ||
| 008 | 260306t1999||||xx |||||||||||||| ||spa|| | ||
| 041 | _aESP | ||
| 082 |
_a001.42 _bS52 |
||
| 100 |
_aSierra Bravo, Restituto _eAUT |
||
| 245 | 0 |
_aTesis doctorales: _by trabajos de investigación científica |
|
| 260 | _c1999 | ||
| 300 |
_a497 páginas : _c24 cm. |
||
| 650 | _aGEN | ||
| 654 | _aCHU | ||
| 942 |
_cLIB _dJUS _fJUS _2ddc _n |
||
| 999 |
_c13331 _d13331 |
||